В поисках иных смыслов

Bibliografiske detaljer
Hovedforfatter: Налимов В. В. Василий Васильевич
Summary:Автор исходит из представления о том, что наша - западная культура находится в критической ситуации. Поиск нового всегда начинается с критики сложившегося. Ставятся вопросы, над которыми надо размышлять. Размышление требует расширения мировоззренческого горизонта. Вот этой теме и посвящена книга.
Sprog:russisk
Udgivet: Москва, Прогресс, 1993
Fag:
Format: Bog
KOHA link:https://koha.lib.tpu.ru/cgi-bin/koha/opac-detail.pl?biblionumber=19503

MARC

LEADER 00000nam0a2200000 4500
001 19503
005 20231101205300.0
035 |a (RuTPU)RU\TPU\book\19667 
035 |a BOOK00000002 
090 |a 19503 
100 |a 20011209d1993 k y0rusy50 ca 
101 0 |a rus 
102 |a RU 
105 |a y z 000zy 
200 1 |a В поисках иных смыслов  |f В. В. Налимов 
210 |a Москва  |c Прогресс  |d 1993 
215 |a 280 с. 
330 |a Автор исходит из представления о том, что наша - западная культура находится в критической ситуации. Поиск нового всегда начинается с критики сложившегося. Ставятся вопросы, над которыми надо размышлять. Размышление требует расширения мировоззренческого горизонта. Вот этой теме и посвящена книга. 
606 1 |a Культура как философская категория  |2 stltpush  |3 (RuTPU)RU\TPU\subj\16751  |9 42685 
606 1 |a Философия культуры  |2 stltpush  |3 (RuTPU)RU\TPU\subj\67421  |9 83234 
610 1 |a философия 
610 1 |a история 
610 1 |a культура 
610 1 |a 20 век 
686 |a Ю671  |v LBC/SL-A  |2 rubbk 
700 1 |a Налимов  |b В. В.  |g Василий Васильевич 
801 0 |a RU  |b 63413507  |c 20011209  |g PSBO 
801 2 |a RU  |b 63413507  |c 20220304  |g PSBO 
942 |c BK